Catálogo
 En Linea

British And American Tanks Of World War Two. : (Registro nro. 42564)

Detalles MARC
000 -CABECERA
campo de control de longitud fija 00686nam a2200181 a 4500
001 - NÚMERO DE CONTROL
campo de control 000043075
005 - FECHA Y HORA DE LA ÚLTIMA TRANSACCIÓN
campo de control 20201002040623.0
008 - DATOS DE LONGITUD FIJA--INFORMACIÓN GENERAL
campo de control de longitud fija 140218s2000 xxkac 001 0 spa d
020 ## - NÚMERO INTERNACIONAL ESTÁNDAR DEL LIBRO
Número Internacional Estándar del Libro 0304355291
040 ## - FUENTE DE LA CATALOGACIÓN
Centro catalogador/agencia de origen DO-SdBNP
Lengua de catalogación spa
Centro/agencia transcriptor BNPHU
100 1# - ENTRADA PRINCIPAL--NOMBRE DE PERSONA
Nombre de persona Chamberlain, Peter
9 (RLIN) 70598
245 10 - MENCIÓN DE TÍTULO
Título British And American Tanks Of World War Two. :
Resto del título the complete illustrated history of British, American and Commonwealth tanks 1939-1945 /
Mención de responsabilidad, etc. Peter Chamberlain, Chris Ellis.
260 ## - PUBLICACIÓN, DISTRIBUCIÓN, ETC.
Lugar de publicación, distribución, etc. London, :
Nombre del editor, distribuidor, etc. Cassell & company,
Fecha de publicación, distribución, etc. 2000.
300 ## - DESCRIPCIÓN FÍSICA
Extensión 222 p. :
Otras características físicas il., retrs. ;
Dimensiones 28 cm.
504 ## - NOTA DE BIBLIOGRAFÍA, ETC.
Nota de bibliografía, etc. Bibliografía p: 217
500 ## - NOTA GENERAL
Nota general La biblioteca posee la reimpresión del 2001
700 1# - PUNTO DE ACCESO ADICIONAL--NOMBRE DE PERSONA
Nombre de persona Ellis, Chris
9 (RLIN) 70599
Existencias
Estado de retiro Estado de pérdida Restricciones de uso No para préstamo Código de colección Localización permanente Ubicación/localización actual Ubicación en estantería Fecha de adquisición Número de inventario Total de préstamos Signatura topográfica completa Código de barras Fecha visto por última vez Precio válido a partir de Tipo de ítem Koha
      Excluido de préstamo Monografías: Libros y Folletos General General En catalogación 18.02.2014 LF1   43075-10 25.06.2020 25.06.2020 No se presta
        Monografías: Libros y Folletos General General Orden iniciada 18.02.2014 LF1   43076-10 25.06.2020 25.06.2020 No se presta

Con tecnología Koha